| 000 | 00690nam a2200217 a 4500 | ||
|---|---|---|---|
| 001 | 000035937 | ||
| 005 | 20250703095052.0 | ||
| 008 | 111117s2011 dr 000 0 spa d | ||
| 020 | _a9789945164183 | ||
| 040 |
_aDO-SdBNP _bspa _cBNPHU |
||
| 082 |
_a172.2 _bR426c |
||
| 110 | 1 |
_aRepública Dominicana. _bContraloría General de la República _921624 |
|
| 245 | 1 | 0 | _aCódigo de ética. |
| 260 |
_aSanto Domingo : _bBúho, _c2011. |
||
| 300 |
_a46 p. ; _c23 cm. |
||
| 590 | _aInventariado, 2018/MFF | ||
| 650 | 0 |
_aÉtica política _91332 |
|
| 650 | 4 |
_aInstituciones públicas _xÉtica _931117 |
|
| 650 | 4 |
_aAuditores _xÉtica profesional _961960 |
|
| 910 | _aValidado. Control de calidad EMS. | ||
| 999 |
_c35428 _d35428 |
||